Ethnic identity in Greek antiquity

Αποθηκεύτηκε σε:
Λεπτομέρειες βιβλιογραφικής εγγραφής
Κύριος συγγραφέας: Hall, Jonathan M.
Μορφή: Βιβλίο
Γλώσσα:English
Δημοσίευση: Cambridge : Cambridge University Press, c1997
Θέματα:
Ετικέτες: Προσθήκη ετικέτας
Δεν υπάρχουν, Καταχωρήστε ετικέτα πρώτοι!

MARC

LEADER 00000nam a2200000 i 4500
001 1/82086
008 990520s1997 eng d
020 |a 0-521-58017-X 
035 |l 10051009 
040 |a GR-MY-UA  |b gre  |e aacr 
041 0 |a eng 
082 0 |a 305.800938 
100 1 |a Hall, Jonathan M. 
245 1 0 |a Ethnic identity in Greek antiquity /  |c Jonathan M. Hall 
260 |a Cambridge :   |b Cambridge University Press,   |c c1997 
300 |a 228 p.  |b fig. 
504 |a Includes bibliographical references and index 
650 0 0 |a Minorities  |z Greece  |x Ethnic identity. 
651 0 |a Greece  |x Ethnic relations. 
651 0 |a Greece  |x Civilization  |y To 146 B.C. 
852 |a INST  |b LESVOS  |e 19990520  |h 305.800938 HAL  |p 005100016104  |q 005100016104  |t BK  |y 0 
901 |a BIBL1-1999-2 
909 |a Λ  |b 062177 
922 |a 1ΕΛΗ  |b 199812  |c ΚΠΣ/ΤΓ  |d LEADER 
950 |a 118-1998-10-19